[Event "Biel"]
[Site "41"]
[Date "2008.07.20"]
[Round "1"]
[White "Carlsen, Magnus"]
[Black "Pelletier, Yannick"]
[Result "1-0"]
[WhiteElo "2775"]
[BlackElo "2569"]
[Annotator "JvR"]
[PlyCount "127"]
[EventDate "2008.07.20"]
[SourceDate "2013.10.27"]

1. d4 Nf6 2. c4 e6 3. Nf3 b6 4. g3 Ba6 5. Qc2 Bb7 6. Bg2 c5 7. d5 exd5 8. cxd5
Nxd5 9. O-O Be7 10. Rd1 Nc6 11. Qf5 Nf6 12. e4 d6 13. e5 Qd7 14. Qxd7+ Nxd7 15.
exd6 Bf6 16. Re1+ Kf8 17. Nc3 Nb4 18. Bg5 Nc2 $5 (18... Bxf3 19. Bxf3 Rd8 20.
Bxf6 Nxf6 {was played in Bareev - Polgar, Elista 2007.}) 19. Re7 $6 Bxf3 $6 ({
Preferable is} 19... Bxe7 $1 20. dxe7+ Ke8 21. Rc1 f6 22. Rxc2 fxg5 23. Re2 g4
24. Nb5 Nf6 25. Nd6+ Kd7 26. Ne5+ Kxd6 27. Bxb7 Rae8 28. Nf7+ Kc7 29. Nxh8 Kxb7
30. Nf7 Kc7 {and Black has a plus.}) 20. Bxf3 Bxg5 21. Rxd7 Rd8 22. Rxd8+ Bxd8
23. Rd1 Nd4 24. Bg2 h5 25. a4 a6 26. Bb7 Rh6 $1 27. d7 Rd6 28. Bc8 Nf3+ 29. Kg2
Rxd1 30. Nxd1 Ne1+ 31. Kf1 Nf3 32. h4 Ke7 33. Ne3 g6 34. Bxa6 Kxd7 {
The chances are equal in the endgame.} 35. Ke2 Ne5 36. f4 Ng4 37. Bb5+ Ke7 38.
Nd5+ Kd6 39. Bc4 Nh6 40. Ne3 Bf6 41. Bd3 Bd8 42. Kf3 Ng4 $2 {
There is no need to sacrifice a pawn.} ({Correct is} 42... Ke6 43. b3 Bf6) 43.
Nxg4 hxg4+ 44. Kxg4 Ke6 45. Bc4+ Ke7 46. Kf3 f5 $1 47. Ke2 Kf8 48. Kd3 Bf6 49.
b3 Bb2 $6 ({The alternative is} 49... Ke7 $1 50. Bd5 Bd4 51. b4 $5 {(Pelletier)
} Kd6 $1 52. Bf7 Bf2 $1 53. Bxg6 Bxg3 {drawn.}) 50. Bd5 Ba3 51. Kc4 Bb4 52. Kb5
Ba5 53. Bc4 Ke7 54. Kc6 Kf6 55. Bd3 Kf7 $2 ({Right is} 55... Ke6 $1 56. g4 fxg4
57. Bxg6 Kf6 58. Be4 Kg7 59. Kb7 g3 60. Ka6 Kh6) 56. h5 $1 gxh5 57. Bxf5 Kf6
58. Be4 Kg7 59. Bf3 Kh6 60. Kb5 Kg6 61. Bd1 Kh6 62. Be2 $1 Kg6 63. Bf3 $1 Kh6
64. Bc6 $1 {White is going to win another pawn by zugzwang.} 1-0

[Event "Biel"]
[Site "41"]
[Date "2008.07.22"]
[Round "3"]
[White "Carlsen, Magnus"]
[Black "Bacrot, Etienne"]
[Result "1-0"]
[WhiteElo "2775"]
[BlackElo "2691"]
[Annotator "JvR"]
[PlyCount "61"]
[EventDate "2008.07.20"]
[SourceDate "2013.10.27"]

1. d4 d5 2. c4 c6 3. Nf3 Nf6 4. Nc3 e6 5. Bg5 Nbd7 6. cxd5 exd5 7. e3 Be7 8.
Qc2 Nh5 9. Bxe7 Qxe7 10. O-O-O Nb6 11. h3 Be6 12. Bd3 O-O-O 13. Kb1 Kb8 14. Nd2
g6 $5 ({The alternative is} 14... Nf6) 15. Nb3 Ng7 16. f3 $5 Bf5 17. Bxf5 $6 (
17. e4 $1 dxe4 18. fxe4 Be6 {keeps the equality.}) 17... Nxf5 18. Rhe1 Nc4 19.
Qc1 $1 Qg5 {He focusses on e3.} 20. g4 Ng7 $6 ({Preferable is} 20... Nh4) 21.
f4 $6 Qh4 22. e4 $1 Qxh3 23. exd5 cxd5 24. Nc5 {
White has the initiative for a pawn.} Ne6 25. b3 Nxc5 26. dxc5 Na5 $2 (26...
Na3+ $5 27. Kb2 d4 $1 {counters.}) 27. b4 $1 Nc4 $6 (27... Nc6 $5 28. b5 $1
Qxg4 $1 29. bxc6 bxc6 30. Ne2 Rd7 {fights back at the cost of a piece.}) 28.
Nxd5 Na3+ 29. Ka1 Rhe8 $6 (29... Nb5 $5 30. c6 $1 Rc8 31. Qb2 $1 {
also wins for White (Pelletier).}) 30. c6 $1 bxc6 31. Qxc6 {
Carlsen scored his second win and took the sole lead.} 1-0

[Event "Biel"]
[Site "41"]
[Date "2008.07.24"]
[Round "4"]
[White "Dominguez Perez, Leinier"]
[Black "Bacrot, Etienne"]
[Result "1-0"]
[WhiteElo "2708"]
[BlackElo "2691"]
[Annotator "JvR"]
[PlyCount "97"]
[EventDate "2008.07.20"]
[SourceDate "2013.10.27"]

1. e4 e5 2. Nf3 Nc6 3. Bb5 a6 4. Ba4 Nf6 5. O-O Be7 6. Re1 b5 7. Bb3 O-O 8. h3
Bb7 9. d3 d6 10. a3 Na5 11. Ba2 c5 12. Nbd2 Nc6 13. Nf1 Bc8 14. c3 Be6 15. Bxe6
fxe6 16. b4 Qd7 17. Ng3 a5 18. bxc5 dxc5 19. Qb3 Rfb8 $5 (19... Rab8 20. a4 b4
{drew in Bacrot - Aronian, Turin 2006.}) 20. a4 $1 b4 21. Be3 c4 $5 {
Black delivers no real sacrifice.} 22. Qxc4 bxc3 23. Red1 $1 Bb4 24. Rac1 Rc8
25. Qa2 Qd6 26. Ne2 Nd8 27. d4 $1 Nxe4 28. dxe5 Qa6 29. Nf4 Rc4 30. Nd4 Rac8
31. Nb5 Nf7 32. Qc2 Bc5 33. Nd4 Bxd4 34. Rxd4 Qc6 35. Nxe6 Nxe5 36. Rcd1 Nd2 $2
{Black overestimates the counter.} ({More solid is} 36... Nf6) 37. Ng5 $1 Qg6
$2 ({Better is} 37... Ng6 38. Qa2 h6 39. Bxd2 cxd2) 38. Rxc4 Ndxc4 39. Qxc3 h6
40. Bf4 Qf5 41. Bxe5 Nxe5 42. Qb3+ Kh8 43. Ne6 Qe4 44. Qd5 Qxa4 $5 {
Exchange prolongs the game.} 45. Rd4 $1 Qa1+ 46. Kh2 Ng6 47. Qf5 Kh7 48. h4 $1
Qe1 49. Re4 {Bacrot suffered his third loss.} 1-0

[Event "Biel"]
[Site "41"]
[Date "2008.07.24"]
[Round "4"]
[White "Pelletier, Yannick"]
[Black "Alekseev, Evgeny"]
[Result "0-1"]
[WhiteElo "2569"]
[BlackElo "2708"]
[Annotator "JvR"]
[PlyCount "70"]
[EventDate "2008.07.20"]
[SourceDate "2013.10.27"]

1. d4 Nf6 2. c4 e6 3. Nf3 d5 4. Nc3 Bb4 5. Bg5 h6 6. Bxf6 Qxf6 7. Qb3 c5 8.
cxd5 exd5 9. a3 Bxc3+ 10. Qxc3 b6 11. e3 O-O 12. Be2 Nd7 13. O-O Bb7 14. Rfc1
c4 $5 15. a4 a6 16. Qb4 Bc6 17. Nd2 b5 18. axb5 axb5 19. b3 $5 Qg6 20. Bf3 Rfb8
21. h3 Rxa1 22. Rxa1 Qc2 23. Nb1 $5 {This move has an unexpected strength.} (
23. Qd6 Qxd2 24. Qxc6 Nf6 25. Bxd5 Nxd5 26. Qxd5 c3 27. Rf1 Qd3 28. Qc5 {
keeps the equality.}) 23... Qc1+ 24. Kh2 Qb2 25. Qc3 $2 {
White misses the escape.} ({Right is} 25. Ra6 $1 Rc8 26. Qd6) 25... Qxf2 26.
bxc4 bxc4 27. Nd2 Rc8 28. Ra5 Nf6 29. Rc5 Bd7 30. Rxc8+ Bxc8 31. Nb3 Bf5 32.
Nc5 g5 33. Qa3 Kg7 34. Nb7 g4 35. hxg4 Bxg4 {The standings after one cycle
became: Carlsen and Alekseev 31/2/5, Dominguez and Onischuk 3, Bacrot 11/2,
Pelletier 1/2.} 0-1

[Event "Biel"]
[Site "41"]
[Date "2008.07.26"]
[Round "6"]
[White "Bacrot, Etienne"]
[Black "Alekseev, Evgeny"]
[Result "1-0"]
[WhiteElo "2691"]
[BlackElo "2708"]
[Annotator "JvR"]
[PlyCount "85"]
[EventDate "2008.07.20"]
[SourceDate "2013.10.27"]

1. d4 Nf6 2. c4 e6 3. g3 Bb4+ 4. Bd2 Be7 5. Nf3 d5 6. Qc2 O-O 7. Bg2 c6 8. O-O
Nbd7 9. Rd1 b6 10. b3 Ba6 11. Bf4 Rc8 12. Nc3 Nh5 13. Bc1 Nhf6 14. Bb2 Qc7 15.
Rac1 $5 ({Usual is} 15. e4) 15... dxc4 16. bxc4 Bxc4 {
Black has accepted the pawn sacrifice.} 17. Ne5 Nxe5 18. dxe5 Nd5 $6 ({
Even better is} 18... Nd7 19. f4 b5) 19. Ne4 b5 20. Nd6 Bxd6 21. exd6 Qd7 ({Not
} 21... Qxd6 $2 22. e4) 22. a4 f6 23. Ba3 Nb6 24. a5 Na4 25. Rd4 Bd5 $1 26. Bc5
Bxg2 27. Kxg2 e5 28. Rd2 Rfd8 29. Qb3+ Qf7 30. Qe3 Rd7 31. a6 h6 32. f3 Qe6 $2
(32... Nxc5 33. Rxc5 Qe6 {gains an advantage.}) 33. Bxa7 Ra8 $2 ({Correct is} 
33... Kf7 34. Bc5 Ra8) 34. Rxc6 $1 {White delivers a surprising sacrifice.}
Raxa7 35. Qd3 $1 b4 ({Or} 35... Ra8 36. Qxb5) 36. Rc8+ Kf7 37. Qh7 $1 {
White has a mate attack.} f5 38. Qg8+ Kf6 39. Rf8+ Rf7 40. Rxf7+ Rxf7 41. Qd8+
Kg6 42. d7 Nc5 43. Qe8 {Alekseev lost the lead.} 1-0

[Event "Biel"]
[Site "41"]
[Date "2008.07.26"]
[Round "6"]
[White "Onischuk, Alexander"]
[Black "Dominguez Perez, Leinier"]
[Result "0-1"]
[WhiteElo "2670"]
[BlackElo "2708"]
[Annotator "JvR"]
[PlyCount "182"]
[EventDate "2008.07.20"]
[SourceDate "2013.10.27"]

1. d4 Nf6 2. c4 g6 3. Nc3 d5 4. Nf3 Bg7 5. Qb3 dxc4 6. Qxc4 O-O 7. e4 a6 8. Be2
b5 9. Qb3 c5 10. dxc5 Bb7 11. e5 Nfd7 12. Be3 e6 13. Rd1 Qc7 14. O-O Nxc5 $5 ({
Known is} 14... Nxe5 15. Nxe5 Bxe5) 15. Qa3 Ncd7 16. Qe7 Rc8 $1 17. Ng5 Nf8 ({
The alternative is} 17... Nxe5 18. Qxc7 Rxc7 19. Rd8+ Bf8 20. Nxh7 $1 Kxh7 21.
Rxf8 Nbd7) 18. Qxc7 Rxc7 19. f4 h6 20. Nf3 Nc6 21. Nd4 $6 g5 $1 22. Nxc6 Bxc6
23. fxg5 hxg5 24. Bxg5 Bxe5 {Black has conquered the centre.} 25. Bf3 Rac8 26.
Bxc6 Rxc6 27. Bf6 Bxf6 28. Rxf6 Rc4 29. a3 Kg7 30. Rf2 f5 31. Rd6 R8c6 32. Rxc6
Rxc6 33. g4 fxg4 34. Rg2 Ng6 35. Rxg4 Kf6 36. Kf2 Ne5 37. Rf4+ $6 Kg6 38. Ke2
Nc4 $1 39. Ne4 Nxb2 {Black has gained a pawn.} 40. h4 Nc4 41. Rf6+ Kh5 42. Ng5
Nxa3 43. Nxe6 Rc2+ 44. Kd3 b4 45. Rf5+ Kg6 46. Rc5 Rf2 47. Nd4 b3 48. Nxb3 $5
Rf3+ 49. Ke4 Rxb3 50. Rc6+ Kh5 51. Rxa6 Nc4 52. Ra8 Nd2+ 53. Kd4 Kxh4 {
White has to suffer for fifty moves in a rook versus rook and knight ending.}
54. Rg8 Nf3+ 55. Kc4 Rb1 56. Kd5 Ng5 57. Ke5 Kg4 58. Kd4 Rd1+ 59. Ke5 Re1+ 60.
Kd5 Re7 61. Kd4 Kf5 62. Rf8+ Nf7 63. Ra8 Kf4 64. Rf8 Rd7+ 65. Kc5 Ke4 66. Ra8
Rc7+ 67. Kb4 Kd4 68. Kb3 Ne5 69. Rd8+ Nd7 70. Kb2 Kd3 71. Rh8 Rb7+ 72. Kc1 Nc5
73. Rh3+ Kd4 74. Kc2 Rc7 75. Rh4+ Ne4+ 76. Kb3 Rc8 77. Kb2 Rg8 78. Kb3 Rg2 79.
Kb4 Rb2+ 80. Ka3 Rb8 81. Ka4 Kd5 82. Ka3 Nc5 83. Ka2 Ne6 84. Ka3 Nd4 85. Rh7
Rb6 86. Ka2 Kc4 87. Rc7+ Kd3 88. Rd7 $2 {Many other moves draw.} Kc2 $1 89. Ka3
Nc6 $1 90. Ka4 Rb4+ $1 91. Ka3 Rb5 $1 {The elementary ending remains difficult.
} 0-1

[Event "Biel"]
[Site "41"]
[Date "2008.07.26"]
[Round "6"]
[White "Pelletier, Yannick"]
[Black "Carlsen, Magnus"]
[Result "0-1"]
[WhiteElo "2569"]
[BlackElo "2775"]
[Annotator "JvR"]
[PlyCount "80"]
[EventDate "2008.07.20"]
[SourceDate "2013.10.27"]

1. d4 Nf6 2. Nf3 e6 3. c4 b6 4. g3 Ba6 5. b3 Bb4+ 6. Bd2 Be7 7. Bg2 d5 8. cxd5
exd5 9. Nc3 O-O 10. O-O Bb7 11. Rc1 Nbd7 12. Bf4 c6 13. Qc2 Re8 14. Rcd1 Bb4 $5
15. Bd2 Rc8 16. Qb2 Qe7 17. Rfe1 Qf8 $5 18. Bh3 Rcd8 19. Qc2 h6 $5 20. Nh4 $5
c5 21. Nf5 a6 22. Qb2 Bxc3 $5 23. Bxc3 Ne4 24. dxc5 Nxc3 25. Qxc3 bxc5 26. Qa5
Nf6 {The chances are about equal.} 27. Qb6 $2 {Pelletier allows a horrible pin.
} ({Better is} 27. Rc1 Ne4 28. Bg2 Bc8 {(Carlsen).}) 27... Bc8 $1 28. Kg2 $6 ({
Pelletier had missed} 28. Nxh6+ $2 gxh6 29. Bxc8 Rd6 $1) (28. Qc6 Be6 29. g4 {
offers more resistance.}) 28... Ne4 29. f3 Ng5 30. g4 h5 31. Rc1 g6 32. Ng3
Nxh3 33. Kxh3 hxg4+ 34. fxg4 Qh6+ 35. Kg2 Bxg4 36. Qxc5 $5 Re3 $5 37. Qd4 Qh3+
38. Kg1 Rxg3+ 39. hxg3 Qxg3+ 40. Kh1 Bf5 {
Carlsen took the sole lead, as was expected before the tournament.} 0-1

[Event "Biel"]
[Site "41"]
[Date "2008.07.28"]
[Round "7"]
[White "Carlsen, Magnus"]
[Black "Alekseev, Evgeny"]
[Result "0-1"]
[WhiteElo "2775"]
[BlackElo "2708"]
[Annotator "JvR"]
[PlyCount "166"]
[EventDate "2008.07.20"]
[SourceDate "2013.10.27"]

1. e4 e5 2. Nf3 Nc6 3. Bb5 Nf6 4. d3 Bc5 5. Nc3 O-O 6. Bxc6 dxc6 7. Nxe5 Qd4 8.
Be3 Qxe5 9. d4 Qe7 10. dxc5 Nxe4 11. Qd4 $5 ({Usual is} 11. Nxe4 Qxe4 12. O-O)
11... Bf5 12. O-O-O {Magnus wants to attack.} Rad8 13. Qb4 Qe6 14. Kb1 b5 15.
b3 Qe5 16. Nxe4 Bxe4 17. Bd4 Qf5 18. Qc3 f6 19. f3 Bd5 20. Rhe1 Rd7 21. Bf2
Rfd8 22. Rd4 h5 $1 23. h3 Bf7 24. g4 $1 {White takes the initiative.} hxg4 25.
hxg4 Qg5 26. Kb2 Rxd4 27. Bxd4 Qd5 28. Rd1 b4 $5 29. Qxb4 Qxf3 30. Rd2 Qxg4 {
Black has gained a pawn.} 31. Bc3 $1 Qc8 $1 32. Rg2 Bd5 33. Rg1 Qf5 34. Qb7 Kf7
35. Qxc7+ {The pawn has been regained.} Rd7 36. Qc8 Be4 37. Qh8 Qh7 38. Qc8 Qf5
39. Rf1 Qe6 40. Qh8 Re7 41. Rd1 Re8 42. Qh2 Bf5 43. Rd2 Re7 44. Qb8 Rd7 45. Rf2
Bg6 46. Rh2 Qe8 47. Qg3 Qe4 48. Rg2 Re7 49. Rd2 Rb7 50. Qh2 Re7 51. Qb8 Bf5 52.
a4 Bg6 53. a5 Bf5 54. a6 Bg6 55. Qg3 Bf5 56. Rg2 Bg6 57. Rh2 Bf5 58. Qb8 Bg6
59. Ka3 Bh7 60. Rd2 Bf5 61. Qh8 Qe3 62. Kb2 Qe4 63. Rf2 Qg4 64. Qh2 Bg6 65. Qd6
Qe6 66. Qxe6+ $5 {The endless manoeuvres halt by an exchange.} Kxe6 67. Ba5 $6
{If White exchanges the rooks, the draw will be easy to achieve.} Be4 68. c4 g5
$1 69. Bd2 Rg7 70. Re2 $5 f5 $1 71. b4 g4 72. b5 cxb5 73. cxb5 g3 74. Re1 Kd5
75. Be3 $2 {
Carlsen has continued the game too long and blunders in a hard position.} (75.
b6 $1 Kxc5 76. Be3+ Kb5 77. b7 Bxb7 78. axb7 Rxb7 79. Rg1 {draws (Alekseev).})
75... Bd3 $1 76. Rd1 Ke4 77. Rxd3 $5 Kxd3 78. Bg1 f4 79. b6 f3 80. b7 Rg8 81.
c6 f2 82. c7 fxg1=Q 83. c8=Q Qd4+ {Alekseev caught up with Carlsen.} 0-1

[Event "Biel"]
[Site "41"]
[Date "2008.07.28"]
[Round "7"]
[White "Dominguez Perez, Leinier"]
[Black "Pelletier, Yannick"]
[Result "1-0"]
[WhiteElo "2708"]
[BlackElo "2569"]
[Annotator "JvR"]
[PlyCount "111"]
[EventDate "2008.07.20"]
[SourceDate "2013.10.27"]

1. e4 e5 2. Nf3 Nc6 3. Bb5 a6 4. Ba4 Nf6 5. O-O Be7 6. Re1 b5 7. Bb3 O-O 8. a4
b4 9. d3 d6 10. Nbd2 Na5 11. Ba2 Rb8 12. c3 bxc3 13. bxc3 c5 14. d4 cxd4 15.
cxd4 Nc6 16. Ba3 $5 Nxd4 17. Nxd4 exd4 18. Nf3 Bb7 19. Qd3 $5 d5 $1 20. Bxe7
Qxe7 21. exd5 Qd8 22. Rab1 Bxd5 23. Rxb8 Qxb8 24. Bxd5 Nxd5 25. Qxd4 Nf6 26. h3
Qc7 {It should be a dead draw.} 27. Rb1 Rd8 28. Rb7 $1 Qc8 29. Qb6 h6 30. Rc7
Qf5 31. Rc1 Rc8 32. Re1 Qd3 33. Qb7 Rf8 34. a5 Nd5 35. Qd7 Nf4 36. Qxd3 Nxd3
37. Rd1 Nc5 38. Rd6 Ra8 39. Rb6 Rc8 40. Ne5 Re8 $6 ({More useful is} 40... f6
41. Nc6 Re8 $1) 41. f4 Re6 $2 ({Preferable is} 41... Kf8 42. Rc6 Ne6 43. g3 g5
$1 {and Black counters.}) 42. Rb8+ $1 Kh7 43. Nxf7 {White has gained a pawn.}
Rf6 44. Rh8+ Kg6 45. Ne5+ Kf5 46. Rc8 Nb3 47. Rc4 $1 g5 (47... Nxa5 48. g4+ Ke6
49. Ra4 {also favours White (Dominguez and Ibarra).}) 48. g4+ Ke6 49. Rc6+ Ke7
50. Ng6+ Kf7 51. Rc7+ Ke6 $5 ({The pointe is} 51... Kxg6 $2 52. f5+) 52. f5+
Kd5 53. Ne7+ Ke4 54. Ng8 $1 Rf8 55. Nxh6 Nd4 56. Nf7 {
Dominguez led by half-a-point on Alekseev and Carlsen.} 1-0

[Event "Biel"]
[Site "41"]
[Date "2008.07.28"]
[Round "7"]
[White "Onischuk, Alexander"]
[Black "Bacrot, Etienne"]
[Result "0-1"]
[WhiteElo "2670"]
[BlackElo "2691"]
[Annotator "JvR"]
[PlyCount "110"]
[EventDate "2008.07.20"]
[SourceDate "2013.10.27"]

1. d4 e6 2. c4 c5 3. d5 exd5 4. cxd5 d6 5. e4 g6 6. Nc3 Bg7 7. Bd3 a6 8. h3 b5
9. Nf3 Nf6 10. O-O O-O 11. Re1 Re8 12. a3 Ra7 13. Bf4 Rae7 14. Rc1 Qb6 15. b4
Nbd7 16. Qd2 Bb7 17. Be3 Qd8 18. Bf4 $5 ({Known is} 18. Rb1) 18... Qb6 19. Bg5
Rc8 20. Be3 Qd8 21. Bf4 Nb6 22. bxc5 Rxc5 23. Bxd6 $2 ({Correct is} 23. Bg5
Rec7 24. Ne2) 23... Qxd6 24. e5 Qd8 25. exf6 Rxe1+ 26. Rxe1 Bxf6 {
Black has gained a pawn.} 27. Ne4 Rc8 $5 ({Even better is} 27... Rxd5 $1 28.
Nxf6+ Qxf6 29. Qh6 Bc6) 28. Nxf6+ Qxf6 29. Be4 Re8 30. Qd3 Nc4 31. Nd2 Bxd5 $1
32. Qxd5 Rd8 33. Nxc4 $2 (33. Qc5 Rxd2 34. a4 {offers more resistance.}) 33...
Rxd5 34. Bxd5 bxc4 35. Bxc4 Qc3 $1 36. Re4 Qxa3 {
Black has a decisive material advantage.} 37. g3 Kf8 38. Rf4 f5 39. Kg2 Qd6 40.
h4 Ke7 41. Bb3 a5 42. Kg1 Qd3 43. Ba4 h6 44. Bc6 Kd6 45. Be8 g5 46. hxg5 hxg5
47. Ra4 Qd1+ 48. Kg2 Qd5+ 49. Kh2 Ke7 50. Bh5 Qb5 51. Ra2 g4 52. Bg6 a4 53. Bh7
Kf8 54. Rc2 Qd7 55. Bg6 Kg7 {
Bacrot scored his second win during the second cycle.} 0-1

[Event "Biel"]
[Site "41"]
[Date "2008.07.29"]
[Round "8"]
[White "Alekseev, Evgeny"]
[Black "Dominguez Perez, Leinier"]
[Result "0-1"]
[WhiteElo "2708"]
[BlackElo "2708"]
[Annotator "JvR"]
[PlyCount "90"]
[EventDate "2008.07.20"]
[SourceDate "2013.10.27"]

1. e4 c5 2. Nf3 d6 3. d4 cxd4 4. Nxd4 Nf6 5. Nc3 a6 6. g3 e5 7. Nde2 Be7 8. Bg2
b5 9. h3 Nbd7 10. g4 b4 11. Nd5 Nxd5 12. exd5 a5 13. O-O h5 $1 {
Dominguez has prepared well.} ({Theory is} 13... Ba6) 14. gxh5 Rxh5 {
Black has started an attack on the kingside.} 15. Nd4 $5 Nf6 16. Nc6 Qc7 17.
Qf3 Bf5 $1 18. Re1 {White prevents ..Be4.} Qd7 19. a3 b3 20. cxb3 Bxh3 21. Bd2
Bxg2 22. Kxg2 Rf5 $5 (22... g6 $1 23. Rh1 e4 24. Qe2 Rxd5 {gains a pawn.}) 23.
Qd3 Nh5 24. Rh1 $1 g6 25. b4 $2 ({Correct is} 25. Kf1 $1 Qb7 26. Re1) 25... Bg5
$1 26. b5 $5 Bxd2 27. Qxd2 Rf4 28. Rh3 Kf8 $2 ({Right is} 28... Rc4 $1 29. Rh2
Qf5) 29. Rah1 $2 (29. f3 $1 {defends properly.}) 29... Qg4+ 30. Kf1 Ng3+ $1 {
Black decides the game.} 31. Rxg3 Qxg3 32. b6 Qf3 33. Rh2 Kg8 $6 (33... Qb3 $1
{ends the game.}) 34. b7 Re8 $1 35. b4 ({The pointe is} 35. b8=Q Rxb8 36. Nxb8
Rd4) 35... axb4 $5 36. axb4 Qg3 37. Rh1 Qf3 38. Rh2 Qg3 39. Rh1 Qb3 $1 40. b8=Q
Rxb8 41. Nxb8 Rxb4 42. Nd7 Qc4+ 43. Kg2 Qg4+ 44. Kh2 Qh5+ 45. Kg2 Rg4+ {
Dominguez increased his lead.} (45... Rg4+ 46. Kf3 Rf4+ 47. Kg2 Qf3+ {
crushes the opposition.}) 0-1

[Event "Biel"]
[Site "41"]
[Date "2008.07.30"]
[Round "9"]
[White "Onischuk, Alexander"]
[Black "Alekseev, Evgeny"]
[Result "0-1"]
[WhiteElo "2670"]
[BlackElo "2708"]
[Annotator "JvR"]
[PlyCount "104"]
[EventDate "2008.07.20"]
[SourceDate "2013.10.27"]

1. d4 Nf6 2. c4 e6 3. Nf3 b6 4. g3 Ba6 5. b3 Bb4+ 6. Bd2 Be7 7. Bg2 d5 8. cxd5
exd5 9. O-O O-O 10. Nc3 Bb7 11. Bf4 Na6 12. Ne5 Re8 13. Rc1 h6 14. Nb5 Bf8 $5 (
14... c5 {drew in Aronian - Ivanchuk, Linares 2006.}) 15. Nc6 $6 {
White starts a doubtful plan.} Qd7 $1 16. Nbxa7 $6 Rxa7 17. Nxa7 Ra8 18. Qc2 c5
$5 19. a3 Rxa7 20. Rfd1 Qe6 21. Qd3 Ra8 22. Qb5 Nd7 23. Qd3 Nf6 24. Qb5 Ne8 25.
Qd3 Nac7 26. a4 Rc8 27. Qe3 Nf6 28. dxc5 bxc5 $5 29. Qxe6 Nxe6 30. Be5 Rd8 31.
e3 Ba8 32. Rd3 Ne8 33. Rcd1 N8c7 34. f4 Na6 35. Bc3 Nec7 36. Ba5 Rb8 37. Rc3
Bd6 38. Rdc1 Kf8 39. Kf2 Ne8 40. Bf1 Nac7 41. Bg2 Na6 42. Bf1 Nb4 43. Bb5 $6
Na2 $1 44. Rxc5 Nxc1 45. Rxc1 Ke7 46. Ke2 Bb7 47. Kd3 Bc8 48. e4 $2 {
The opening of the position helps Black.} dxe4+ 49. Kxe4 Ba3 $1 50. Re1 Nd6+
51. Kd5+ Be6+ 52. Kc6 Rc8+ {Alekseev scored a useful win.} 0-1

[Event "Biel"]
[Site "41"]
[Date "2008.07.31"]
[Round "10"]
[White "Alekseev, Evgeny"]
[Black "Pelletier, Yannick"]
[Result "1-0"]
[WhiteElo "2708"]
[BlackElo "2569"]
[Annotator "JvR"]
[PlyCount "85"]
[EventDate "2008.07.20"]
[SourceDate "2013.10.27"]

{When the last round began, Dominguez led by one point on Alekseev and Carlsen.
Carlsen played a quiet draw.} 1. d4 Nf6 2. c4 g6 3. Nc3 d5 4. Qb3 dxc4 5. Qxc4
Bg7 6. e4 O-O 7. Be2 a6 8. Be3 b5 9. Qb3 Bb7 $5 ({Known is} 9... Nc6) 10. f3
Nfd7 11. Nh3 Nc6 12. Rd1 Nb6 13. d5 Na5 14. Qc2 Nac4 15. Bxc4 Nxc4 16. Bc5 Re8
17. O-O Qc8 18. b3 Nd6 19. Nf4 c6 20. Kh1 Be5 21. Nfe2 Qc7 22. dxc6 Bxc6 23.
Bd4 Bxd4 24. Rxd4 Rac8 25. Qd2 Red8 26. Rd1 Nb7 27. Qe3 Rxd4 28. Nxd4 Rd8 29.
h4 b4 30. Nxc6 Rxd1+ 31. Nxd1 Qxc6 32. Qd4 Qc2 33. Kh2 Nd6 $6 ({Better is} 
33... Qc5 34. Qxc5 Nxc5) 34. Ne3 Qf2 $2 ({Right is} 34... Qc3 $1 35. Qxc3 $1
bxc3 36. Kg3 f5 37. Kf4 fxe4 38. fxe4 Nf7 {and Black fights for equality.}) 35.
Nf5 $1 Qxd4 36. Nxd4 Nb5 37. Nc6 $1 a5 38. Nxe7+ Kf8 39. Nc6 Nc3 40. Nxa5 Nxa2
{White has an extra pawn in the knight ending.} 41. Kg3 Ke7 42. Kf4 Kd6 $2 43.
Kg5 $1 {Pelletier ended a poor tournament. Dominguez won again.} 1-0

[Event "Biel"]
[Site "41"]
[Date "2008.07.31"]
[Round "10"]
[White "Bacrot, Etienne"]
[Black "Dominguez Perez, Leinier"]
[Result "1-0"]
[WhiteElo "2691"]
[BlackElo "2708"]
[Annotator "JvR"]
[PlyCount "71"]
[EventDate "2008.07.20"]
[SourceDate "2013.10.27"]

1. d4 d5 2. c4 dxc4 3. Nf3 Nf6 4. e3 e6 5. Bxc4 a6 6. O-O c5 7. Bb3 cxd4 8.
exd4 Nc6 9. Nc3 Be7 10. Bg5 O-O 11. Qd2 Na5 12. Bc2 b5 13. Rad1 b4 14. Qd3 $5 (
{Known is} 14. Bxf6 Bxf6 15. Ne4) 14... g6 15. d5 $1 exd5 (15... bxc3 16. d6
Bxd6 17. Qxc3 e5 18. Nxe5 {favours White.}) 16. Nxd5 Qxd5 17. Qxd5 Nxd5 18.
Rxd5 Bxg5 19. Nxg5 {White exerts pressure.} Nb7 $1 20. Rd4 h6 21. Nf3 a5 22.
Be4 Rb8 23. Rc1 Be6 24. h4 Bxa2 $5 25. Ne5 Be6 26. Rc7 $1 Nd8 {
Black suffers from restriction.} 27. Ra7 Rb5 28. Nd7 Bxd7 29. Rdxd7 {
White has a positional compensation for the pawn.} Kg7 30. Ra6 Kg8 31. Bd5 Kg7
32. g4 Re8 33. Kf1 Rc5 $2 ({Better is} 33... Rf8 $1) 34. Ra8 $1 Rc1+ 35. Kg2
Rc2 $2 (35... Rd1 $1 36. Rxa5 $1 Rd4 37. Bxf7 $1 Rxd7 38. Bxe8 Rd6 {
prolongs the game.}) 36. Bxf7 $1 {Bacrot won at the cost of the sole leader.
The final standings became: Alekseev and Dominguez Perez 61/2, Carlsen 6,
Bacrot 51/2, Onischuk 4, Pelletier 11/2. The leaders had to carry out a
play-off.} 1-0

[Event "Biel"]
[Site "41 Playoff"]
[Date "2008.07.31"]
[Round "4"]
[White "Dominguez Perez, Leinier"]
[Black "Alekseev, Evgeny"]
[Result "0-1"]
[WhiteElo "2708"]
[BlackElo "2708"]
[Annotator "JvR"]
[PlyCount "88"]
[EventDate "2008.07.31"]
[EventType "blitz"]
[SourceDate "2013.10.27"]

{Two rapid games and one blitz game were drawn. A dramatic decision happened
in the fourth game.} 1. e4 e5 2. Nf3 Nc6 3. Bb5 Nf6 4. d3 Bc5 5. c3 O-O 6. O-O
d6 7. Re1 Bb6 8. h3 Ne7 9. Nbd2 c6 10. Ba4 Ng6 11. Nf1 h6 12. Ng3 Re8 13. d4
Qc7 14. Bc2 Be6 15. Be3 Rad8 16. Qc1 Kh7 $5 17. Bd3 c5 18. Nf5 Bxf5 19. exf5
Nf8 20. Bb5 Re7 21. dxe5 dxe5 22. Qc2 e4 23. Nd2 Qe5 24. f3 Qxf5 25. fxe4 Qg6
$1 26. Bf2 Ne6 27. Nf3 Nf4 28. Nh4 Nxh3+ $2 ({Correct is} 28... Qg5 $1 29. e5+
g6 30. exf6 Rxe1+ 31. Rxe1 Rd2 $1 32. Qxd2 Nxh3+) 29. Kf1 $1 Qg4 30. e5+ $1 g6
31. exf6 Rxe1+ 32. Bxe1 c4 $2 (32... Rd6 33. Be2 Qf4+ 34. Nf3 Rxf6 35. gxh3 Qh2
{battles.}) 33. Qe2 Qf4+ 34. Nf3 Rd3 35. Bd2 Be3 36. Bxc4 $4 {The tables turn.}
(36. Bxe3 Rxe3 37. Qxc4 {wins for White.}) 36... Rxd2 37. gxh3 Rxe2 38. Kxe2
Qxc4+ 39. Kxe3 Qe6+ 40. Kf2 Qxf6 41. Re1 Qb6+ 42. Kg3 Qxb2 43. Re7 Kg7 44. Re3
Qxa2 {Alekseev had won the tournament.} 0-1